Cyclisme : Les 39 pays représentés en WorldTour en 2025 - Statistiques

Statistiques générales
  • Ce quiz a été pris 388 fois
  • Le résultat moyen est 31 sur 39
Statistiques - réponses
Nombre de Coureurs Pays représentés % Correct
34 Espagne
100%
81 France
100%
71 Belgique
99%
34 Royaume-Uni
99%
11 États-Unis
97%
57 Italie
97%
49 Pays-Bas
97%
8 Portugal
96%
26 Allemagne
95%
9 Slovénie
94%
24 Australie
93%
22 Danemark
93%
1 Canada
92%
6 Suisse
92%
3 Russie
91%
13 Colombie
88%
10 Norvège
88%
1 Slovaquie
88%
1 Japon
87%
5 Pologne
87%
6 Irlande
86%
1 Mexique
84%
9 Autriche
83%
1 Chine
81%
4 Érythrée
80%
4 Luxembourg
80%
6 Nouvelle-Zelande
80%
5 Équateur
76%
3 Afrique Du Sud
73%
1 Lettonie
69%
1 Hongrie
68%
1 Estonie
67%
3 République Tchèque
67%
1 Croatie
66%
2 Kazakhstan
61%
1 Monaco
47%
1 Venezuela
47%
1 Éthiopie
38%
1 Taïwan
19%
Aucun quiz correspondant
Distribution des résultats
% des personnes avec chaque résultat
Percentile par nombre de réponses
Votre historique - résultats
Vous n’avez pas pris ce quiz